00356nam a2200121Ia 4500008004100000040001600041041001200057082002000069100002000089245007500109260003500184300001500219230917s9999||||xx |||||||||||||| ||und|| e14781aMAIN aEnglish a301.240954 Y75M aSingh, Yogendra 0aModernization of Indian tradition: A systematic study of social change aFaridabadbThomson Pressc1977 axi, 267 p.